00443 2200181 4500001002100000005001500021035002000036008004100056245004400097100001900141250000600160260003600166300001100202084001400213082000800227650001400235990001200249INLIS00000000000022020240502024005 a0010-0424000196240502 0 ind 1 aTerampil Menulis Surat /cJohan Wahyudi aWahyudi, Johan a1 aBandung :bPustaka Sunda,c2010 a76 hlm a400 JOH t a400 4aNon Fiksi a0732434